Introductory fee practice put at risk (Record no. 67252)

MARC details
000 -LEADER
fixed length control field 00779cam a2200193 4500
001 - CONTROL NUMBER
control field WB3722-17
008 - FIXED-LENGTH DATA ELEMENTS--GENERAL INFORMATION
fixed length control field 000000n2001 000 0 eng u
035 ## - SYSTEM CONTROL NUMBER
System control number (Sirsi) u112967
245 ## - TITLE STATEMENT
Title Introductory fee practice put at risk
260 ## - PUBLICATION, DISTRIBUTION, ETC.
Date of publication, distribution, etc. 2001
490 ## - SERIES STATEMENT
Series statement Estates Gazette
Volume/sequential designation (0122) 2 June 2001, 41(1)
520 ## - SUMMARY, ETC.
Summary, etc. The long standing practice of agents' charging fees has been thrown into doubt by a court judgment where Berkeley Simmons Davis lost its legal battle to recover £6,000 from Fat Cat Cafe Bars. With short guide as to the rights and wrongs of introductory fees.
590 ## - LOCAL NOTE (RLIN)
Local note WB
650 ## - SUBJECT ADDED ENTRY--TOPICAL TERM
Topical term or geographic name entry element INTRODUCTORY FEES
650 ## - SUBJECT ADDED ENTRY--TOPICAL TERM
Topical term or geographic name entry element BERKELEY SIMMONS DAVIS V FAT CAT CAFE BARS
650 ## - SUBJECT ADDED ENTRY--TOPICAL TERM
Topical term or geographic name entry element AGENTS AND CLIENTS
690 ## - LOCAL SUBJECT ADDED ENTRY--TOPICAL TERM (OCLC, RLIN)
Topical term or geographic name as entry element PROPERTY MANAGEMENT
9 (RLIN) 6262
942 ## - ADDED ENTRY ELEMENTS (KOHA)
Suppress in OPAC 0
Holdings
Withdrawn status Lost status Source of classification or shelving scheme Damaged status Not for loan Home library Current library Shelving location Date acquired Total Checkouts Full call number Barcode Date last seen Copy number Price effective from Koha item type
    Dewey Decimal Classification     London London News article 06/06/2001   WB3722-17 112967-1001 06/08/2019 1 06/08/2019 News article